[Event "BLR-ch 1st League"]
[Site "Minsk"]
[Date "2021.12.17"]
[Round "9"]
[White "Katashuk, V."]
[Black "Piatrenka, Ivan"]
[Result "1-0"]
[WhiteElo "2124"]
[BlackElo "1786"]
[PlyCount "65"]
[EventDate "2021.12.09"]
[EventType "swiss"]
[EventRounds "9"]
[EventCountry "BLR"]
[SourceTitle "EXT 2023"]
[Source "ChessBase"]
[SourceDate "2022.10.05"]
[SourceVersion "1"]
[SourceVersionDate "2022.10.05"]
[SourceQuality "1"]

1. e4 c5 2. Nf3 e6 3. b4 cxb4 4. d4 Nf6 5. Bd3 d5 6. e5 Ne4 7. 0-0 Be7 8. a3 Nc3 9. Nxc3 bxc3 10. Qe1 0-0 11. Qxc3 b6 12. a4 Ba6 13. Bb5 Qc8 14. Qd3 Bb7 15. Qe2 Nc6 16. Ba3 Qd7 17. h4 h6 18. Rfd1 Rfc8 19. g4 a6 20. Bd3 Bxa3 21. Rxa3 Nb4 22. g5 Nxd3 23. Qxd3 Rc4 24. gxh6 gxh6 25. Kh2 Kh8 26. Rg1 Qe7 27. Qe3 Kh7 28. Rb3 Rc6 29. Qf4 Rac8 30. Ng5+ hxg5 31. Rxg5 Rc3 32. Rh5+ Kg8 33. Qg4+ 1-0

[Event "EU-ch rapid"]
[Site "Minsk"]
[Date "2015.12.19"]
[Round "5"]
[White "Katashuk, V."]
[Black "Razin, Vadim"]
[Result "0-1"]
[WhiteElo "2200"]
[BlackElo "2345"]
[PlyCount "80"]
[EventDate "2015.12.19"]
[EventType "swiss (rapid)"]
[EventRounds "11"]
[EventCountry "BLR"]
[SourceTitle "EXT 2017"]
[Source "ChessBase"]
[SourceDate "2016.10.25"]
[SourceVersion "1"]
[SourceVersionDate "2016.10.25"]
[SourceQuality "1"]

1. e4 e6 2. d4 d5 3. Nc3 Bb4 4. Qd3 dxe4 5. Qxe4 Nf6 6. Qh4 Nc6 7. Nf3 Be7 8. Bd3 Nb4 9. Ne5 Nxd3+ 10. Nxd3 0-0 11. 0-0 b6 12. Be3 Bb7 13. Rad1 Ne4 14. Qg4 Nxc3 15. bxc3 Qd5 16. Nf4 Qe4 17. Qe2 Bd6 18. f3 Qc6 19. Qd2 a5 20. Nh5 Qd5 21. g4 f6 22. Rf2 Qxa2 23. Bh6 Rf7 24. g5 f5 25. Bxg7 Rxg7 26. Nxg7 Kxg7 27. Qe3 Qd5 28. h4 a4 29. h5 f4 30. Qd3 Ba6 31. h6+ Kg8 32. Qe4 a3 33. Ra1 Bc4 34. g6 Qxe4 35. fxe4 hxg6 36. e5 Bf8 37. Rxf4 Bxh6 38. Rf6 Kg7 39. Kf2 Bg5 40. Rf3 a2 0-1

[Event "EU-ch blitz"]
[Site "Minsk"]
[Date "2015.12.18"]
[Round "3.23"]
[White "Katashuk, V."]
[Black "Bortnyk, Mykola"]
[Result "1-0"]
[WhiteElo "2200"]
[BlackElo "2416"]
[PlyCount "82"]
[EventDate "2015.12.18"]
[EventType "swiss (blitz)"]
[EventRounds "22"]
[EventCountry "BLR"]
[SourceTitle "EXT 2017"]
[Source "ChessBase"]
[SourceDate "2016.10.25"]
[SourceVersion "1"]
[SourceVersionDate "2016.10.25"]
[SourceQuality "1"]

1. f4 d6 2. Nf3 Nf6 3. g3 Nbd7 4. Bg2 e5 5. d3 Be7 6. 0-0 0-0 7. Nc3 c6 8. e4 b5 9. a3 a5 10. Qe2 Rb8 11. Kh1 b4 12. axb4 axb4 13. Nd1 b3 14. c4 Re8 15. f5 d5 16. Nf2 Bc5 17. Be3 Bxe3 18. Qxe3 Qb6 19. Qg5 h6 20. Qh4 Ba6 21. Rac1 dxc4 22. dxc4 Rbd8 23. g4 Nh7 24. g5 hxg5 25. Nxg5 Nxg5 26. Qxg5 Nf6 27. Bf3 Nh7 28. Qg3 f6 29. Rg1 Re7 30. Ng4 Kf8 31. Qh4 Qc5 32. Qxh7 Ke8 33. Rcd1 Rd4 34. Qg8+ Kd7 35. Qa8 Bxc4 36. Rxd4+ exd4 37. e5 fxe5 38. f6 Bd5 39. Qb7+ Ke6 40. Qxe7+ Qxe7 41. Bxd5+ Kxd5 1-0

[Event "Lvov July IM"]
[Site "Lvov"]
[Date "2015.07.28"]
[Round "3"]
[White "Mischuk, Dmitry"]
[Black "Katashuk, V."]
[Result "1/2-1/2"]
[WhiteElo "2337"]
[BlackElo "2201"]
[PlyCount "81"]
[EventDate "2015.07.27"]
[EventType "tourn"]
[EventRounds "9"]
[EventCountry "UKR"]
[SourceTitle "CBM 167 Extra"]
[Source "ChessBase"]
[SourceDate "2015.09.14"]
[SourceVersion "1"]
[SourceVersionDate "2015.09.14"]
[SourceQuality "1"]

1. e4 e5 2. Nf3 Nc6 3. d4 exd4 4. c3 Nge7 5. cxd4 d5 6. e5 Bg4 7. Be3 g6 8. Bb5 Bg7 9. Nbd2 0-0 10. h3 Bxf3 11. Nxf3 f6 12. exf6 Bxf6 13. Bxc6 Nxc6 14. h4 Qe7 15. h5 g5 16. Qb3 Qb4+ 17. Qxb4 Nxb4 18. Kd2 h6 19. Rhc1 c6 20. Nh2 Rae8 21. Ng4 Kg7 22. Rc3 Na6 23. Rb3 Rf7 24. Rf1 c5 25. Nxf6 Kxf6 26. dxc5 Re4 27. Rd3 Nb4 28. Rd4 Ke5 29. Rxe4+ dxe4 30. Ke2 Nd3 31. Rb1 a5 32. a3 a4 33. f3 Nf4+ 34. Bxf4+ gxf4 35. fxe4 Rg7 36. Kf2 Rg3 37. Rc1 Rb3 38. Rc4 Rxb2+ 39. Kg1 Rb1+ 40. Kh2 Rb2 41. Kg1 1/2-1/2

[Event "BLR-ch 81st"]
[Site "Minsk"]
[Date "2015.01.19"]
[Round "8"]
[White "Katashuk, V."]
[Black "Zhigalko, Andrey"]
[Result "0-1"]
[WhiteElo "2191"]
[BlackElo "2584"]
[PlyCount "122"]
[EventDate "2015.01.12"]
[EventType "tourn"]
[EventRounds "11"]
[EventCountry "BLR"]
[EventCategory "8"]
[SourceTitle "CBM 164 Extra"]
[Source "ChessBase"]
[SourceDate "2015.03.02"]
[SourceVersion "1"]
[SourceVersionDate "2015.03.02"]
[SourceQuality "1"]

1. e4 c5 2. Nc3 Nc6 3. Bb5 Nd4 4. Bc4 Nf6 5. Nge2 e6 6. 0-0 a6 7. a4 Nc6 8. Nf4 g6 9. Nfd5 exd5 10. exd5 Be7 11. Re1 0-0 12. dxc6 bxc6 13. Be2 d5 14. Bf3 Nd7 15. d3 Bd6 16. g3 Ne5 17. Bg2 Bg4 18. f3 Bd7 19. h3 f6 20. f4 Nf7 21. Qf3 h5 22. Nd1 Rb8 23. Nf2 Re8 24. Rxe8+ Qxe8 25. Qd1 Nh6 26. b3 Nf5 27. c4 Nxg3 28. cxd5 Ne2+ 29. Kh1 f5 30. Ne4 fxe4 31. Qxe2 cxd5 32. dxe4 dxe4 33. Bxe4 Bc6 34. Qc4+ Kf8 35. Bg2 Rb4 36. Qd3 Rd4 37. Qf1 Bxg2+ 38. Kxg2 Qe4+ 39. Qf3 Qc2+ 40. Qf2 Qe4+ 41. Qf3 Qc2+ 42. Qf2 Qxb3 43. Ra3 Qd5+ 44. Qf3 Qxf3+ 45. Kxf3 Kf7 46. Be3 Rc4 47. Ra2 Kf6 48. Rd2 Be7 49. Ra2 Kf5 50. Rd2 Ke6 51. Rg2 Kf7 52. Ra2 Bf6 53. Rg2 Be7 54. Ra2 Bf8 55. Ra1 Rb4 56. Rc1 c4 57. Ke4 Rxa4 58. Rb1 c3+ 59. Kd3 Bb4 60. Bd4 a5 61. Re1 Ra2 0-1

[Event "BLR-ch 81st"]
[Site "Minsk"]
[Date "2015.01.17"]
[Round "6"]
[White "Ziaziulkina, Nastassia"]
[Black "Katashuk, V."]
[Result "1/2-1/2"]
[WhiteElo "2429"]
[BlackElo "2191"]
[PlyCount "74"]
[EventDate "2015.01.12"]
[EventType "tourn"]
[EventRounds "11"]
[EventCountry "BLR"]
[EventCategory "8"]
[SourceTitle "CBM 164 Extra"]
[Source "ChessBase"]
[SourceDate "2015.03.02"]
[SourceVersion "1"]
[SourceVersionDate "2015.03.02"]
[SourceQuality "1"]

1. e4 e5 2. Nf3 Nc6 3. Bb5 Nge7 4. Nc3 g6 5. d4 exd4 6. Nd5 Bg7 7. Bg5 h6 8. Bf6 Bxf6 9. Nxf6+ Kf8 10. Nxd4 Nf5 11. Bxc6 Qxf6 12. exf5 dxc6 13. fxg6 fxg6 14. Qf3 Kg7 15. 0-0-0 Qxf3 16. Nxf3 Re8 17. Rhe1 Be6 18. Ne5 Kf6 19. Re3 Re7 20. Rde1 Rae8 21. Kd2 h5 22. Nd3 Bf5 23. Rxe7 Rxe7 24. Rxe7 Kxe7 25. Ke3 Kf6 26. Ne1 c5 27. c3 Ke5 28. f4+ Kd5 29. Nf3 b5 30. Ne5 Bb1 31. a3 Bc2 32. Kd2 Be4 33. g3 a5 34. Ke3 Bc2 35. Kd2 Bf5 36. Ke3 Bc2 37. Kd2 Bf5 1/2-1/2

[Event "BLR-ch 81st"]
[Site "Minsk"]
[Date "2015.01.15"]
[Round "4"]
[White "Zhigalko, Sergei"]
[Black "Katashuk, V."]
[Result "1-0"]
[WhiteElo "2681"]
[BlackElo "2191"]
[PlyCount "99"]
[EventDate "2015.01.12"]
[EventType "tourn"]
[EventRounds "11"]
[EventCountry "BLR"]
[EventCategory "8"]
[SourceTitle "CBM 164 Extra"]
[Source "ChessBase"]
[SourceDate "2015.03.02"]
[SourceVersion "1"]
[SourceVersionDate "2015.03.02"]
[SourceQuality "1"]

1. e4 e5 2. Nf3 Nc6 3. Bb5 f5 4. Nc3 fxe4 5. Nxe4 Nf6 6. Qe2 Qe7 7. 0-0 d5 8. Ng3 e4 9. Nd4 Bd7 10. Bxc6 bxc6 11. d3 c5 12. Ndf5 Bxf5 13. Nxf5 Qe5 14. Ng3 Bd6 15. dxe4 dxe4 16. Qc4 0-0-0 17. Re1 Rhe8 18. Qa6+ Kd7 19. Qb5+ Ke7 20. c3 h5 21. h4 Kf8 22. Bg5 Rb8 23. Qe2 Kg8 24. Rad1 Qe6 25. Bxf6 Bxg3 26. Bg5 Bd6 27. b3 Qe5 28. Qc4+ Kh8 29. g3 Qf5 30. Rd5 Qf3 31. Re3 Qg4 32. Kg2 Re6 33. Qe2 Qxe2 34. Rxe2 Rbe8 35. Bf4 g6 36. Bxd6 cxd6 37. Red2 e3 38. fxe3 Rxe3 39. Rxd6 c4 40. bxc4 Rxc3 41. Rxg6 Rxc4 42. Rd5 Kh7 43. Ra6 Rc2+ 44. Kh3 Ree2 45. Rxh5+ Kg8 46. Rg5+ Kh7 47. Rxa7+ Kh6 48. Ra6+ Kh7 49. a4 Ra2 50. Kg4 1-0

[Event "BLR-ch 81st"]
[Site "Minsk"]
[Date "2015.01.14"]
[Round "3"]
[White "Katashuk, V."]
[Black "Maiorov, Nikita"]
[Result "1-0"]
[WhiteElo "2191"]
[BlackElo "2596"]
[PlyCount "91"]
[EventDate "2015.01.12"]
[EventType "tourn"]
[EventRounds "11"]
[EventCountry "BLR"]
[EventCategory "8"]
[SourceTitle "CBM 164 Extra"]
[Source "ChessBase"]
[SourceDate "2015.03.02"]
[SourceVersion "1"]
[SourceVersionDate "2015.03.02"]
[SourceQuality "1"]

1. f4 d5 2. g3 g6 3. Bg2 Bg7 4. Nf3 c5 5. 0-0 Nc6 6. d3 Nf6 7. Nc3 d4 8. Ne4 Qb6 9. Nxf6+ Bxf6 10. e4 dxe3 11. c3 Bf5 12. Qe2 0-0-0 13. Rd1 e5 14. fxe5 Bxe5 15. Bxe3 Qa6 16. Nxe5 Nxe5 17. Bf4 Rhe8 18. Bxe5 f6 19. Qf3 fxe5 20. Qe3 Bxd3 21. Qxc5+ Kb8 22. Be4 Qc4 23. Qxc4 Bxc4 24. Kf2 Kc7 25. Rxd8 Rxd8 26. Ke3 Rf8 27. b3 Be6 28. Rd1 a5 29. c4 g5 30. Rd2 h6 31. Bd5 Bc8 32. Ke4 Rf5 33. c5 g4 34. a3 Rh5 35. Rf2 Bd7 36. b4 axb4 37. axb4 Bc6 38. Rf7+ Kd8 39. b5 Bxb5 40. Rxb7 Bd7 41. c6 Bc8 42. Rg7 Ba6 43. c7+ Ke8 44. Bf7+ Kf8 45. Bxh5 Kxg7 46. Bxg4 1-0

[Event "BLR-ch 81st"]
[Site "Minsk"]
[Date "2015.01.13"]
[Round "2"]
[White "Kovalev, Vladislav"]
[Black "Katashuk, V."]
[Result "1-0"]
[WhiteElo "2548"]
[BlackElo "2191"]
[PlyCount "103"]
[EventDate "2015.01.12"]
[EventType "tourn"]
[EventRounds "11"]
[EventCountry "BLR"]
[EventCategory "8"]
[SourceTitle "CBM 164 Extra"]
[Source "ChessBase"]
[SourceDate "2015.03.02"]
[SourceVersion "1"]
[SourceVersionDate "2015.03.02"]
[SourceQuality "1"]

1. e4 e5 2. Nf3 Nc6 3. Bc4 Nf6 4. Ng5 d5 5. exd5 Na5 6. Bb5+ Bd7 7. Qe2 Bd6 8. Nc3 0-0 9. Bxd7 Qxd7 10. a3 Be7 11. 0-0 Nxd5 12. Qxe5 c6 13. d3 Rfe8 14. Qg3 Nxc3 15. bxc3 c5 16. Ne4 Kh8 17. c4 Nc6 18. Bb2 Nd4 19. Bxd4 Qxd4 20. Qe3 Qd8 21. Rae1 Rc8 22. Nc3 Qd4 23. Nd5 Qxe3 24. Rxe3 Bd6 25. Rxe8+ Rxe8 26. Rb1 Rb8 27. a4 Kg8 28. g3 Kf8 29. a5 Ke8 30. a6 bxa6 31. Ra1 Kd7 32. Rxa6 Rb7 33. Nc3 Bc7 34. Kf1 Bb6 35. Nd5 Kc6 36. Ke2 Rd7 37. Nxb6 axb6 38. Ra8 Re7+ 39. Kf3 Rb7 40. Rh8 h6 41. Rg8 g6 42. g4 Kd6 43. Rh8 Ke5 44. Ke3 Kf6 45. f4 Re7+ 46. Kf3 Re1 47. Rb8 Rb1 48. Rb7 Rb2 49. h4 h5 50. g5+ Ke6 51. c3 f6 52. Rg7 1-0

[Event "Orsha"]
[Site "Orsha"]
[Date "2009.01.28"]
[Round "3"]
[White "Bulanov, Dmitri"]
[Black "Katashuk, V."]
[Result "1-0"]
[WhiteElo "2343"]
[BlackElo "2192"]
[PlyCount "68"]
[EventDate "2009.01.27"]
[EventType "tourn"]
[EventRounds "11"]
[EventCountry "BLR"]
[EventCategory "1"]
[SourceTitle "EXT 2011"]
[Source "ChessBase"]
[SourceDate "2010.11.26"]
[SourceVersion "1"]
[SourceVersionDate "2010.11.26"]
[SourceQuality "1"]

1. e4 e5 2. Nf3 d6 3. d4 Nf6 4. dxe5 Nxe4 5. Bc4 c6 6. exd6 Nxd6 7. Bb3 Be7 8. 0-0 0-0 9. Bf4 Na6 10. Re1 Nc5 11. Nc3 Nxb3 12. axb3 Nf5 13. Qxd8 Rxd8 14. Bc7 Rf8 15. Bb6 a6 16. Ne4 Nh6 17. c3 Be6 18. Nd4 Bc8 19. b4 Nf5 20. Nb3 f6 21. Rad1 Kf7 22. Na5 h5 23. f3 g5 24. Kf2 Rh8 25. Rd2 Rb8 26. Bc7 Ra8 27. Bb6 Rb8 28. Red1 Be6 29. Ba7 Ra8 30. Bc5 Rab8 31. Bxe7 Kxe7 32. Nc5 Bc8 33. Naxb7 Bxb7 34. Rd7+ Ke8 1-0

[Event "Orsha"]
[Site "Orsha"]
[Date "2009.01.28"]
[Round "4"]
[White "Katashuk, V."]
[Black "Shkuran, Danylo"]
[Result "1/2-1/2"]
[WhiteElo "2192"]
[BlackElo "2399"]
[PlyCount "21"]
[EventDate "2009.01.27"]
[EventType "tourn"]
[EventRounds "11"]
[EventCountry "BLR"]
[EventCategory "1"]
[SourceTitle "EXT 2011"]
[Source "ChessBase"]
[SourceDate "2010.11.26"]
[SourceVersion "1"]
[SourceVersionDate "2010.11.26"]
[SourceQuality "1"]

1. e4 c6 2. d4 d5 3. Nc3 dxe4 4. Nxe4 Nd7 5. Bc4 Ngf6 6. Nxf6+ Nxf6 7. c3 e6 8. Nf3 Be7 9. 0-0 0-0 10. Re1 c5 11. dxc5 1/2-1/2